Citation tracking in academic libraries: an overview (Record no. 9034)

MARC details
000 -LEADER
fixed length control field 00445nam a2200157Ia 4500
020 ## - INTERNATIONAL STANDARD BOOK NUMBER
ISBN 9780081017593
082 ## - DEWEY DECIMAL CLASSIFICATION NUMBER
Classification number 025.52777 MAV-C
100 ## - MAIN ENTRY--AUTHOR NAME
Personal name Mavodza, Judith
245 #0 - TITLE STATEMENT
Title Citation tracking in academic libraries: an overview
260 ## - PUBLICATION, DISTRIBUTION, ETC. (IMPRINT)
Place of publication Amsterdam
Name of publisher Chandos Publishing
Year of publication 2016
504 ## - BIBLIOGRAPHY, ETC. NOTE
Bibliography, etc Includes References and Indix
650 ## - SUBJECT ADDED ENTRY--TOPICAL TERM
Topical Term Academic libraries
650 ## - SUBJECT ADDED ENTRY--TOPICAL TERM
Topical Term Reference rervices
650 ## - SUBJECT ADDED ENTRY--TOPICAL TERM
Topical Term Bibliographical citations
942 ## - ADDED ENTRY ELEMENTS (KOHA)
Koha item type Books
Holdings
Withdrawn status Lost status Damaged status Not for loan Home library Current library Date acquired Source of acquisition Bill Date Full call number Accession Number Price effective from Koha item type
        NASSDOC Library NASSDOC Library 26/12/2017 OP 2017-11-23 025.52777 MAV-C 49541 18/04/2019 Books